Besiege den Brasilianer Imperialismus Indem du Bundesstaten - Statistiken

Allgemein
  • Dieses Quiz wurde 33 mal gespielt
  • Das Durchschnittsergebnis liegt bei 48 aus 203
Antworten auf der Karte
Die Antworten werden auf der Karte rot bzw. grün angezeigt, abhängig davon wie oft sie richtig erraten wurden.
 
Antwortstatistiken
Bevölkerung (relativ) in Millionen Bundesstaat % Korrekt
46 São Paulo
65%
17 Rio de Janeiro
50%
4 Amazonas
45%
1 Acre
15%
14 Bahia
15%
3 Mato Grosso
15%
8 Pará
15%
2 Mato Grosso do Sul
10%
3 Rio Grande do Norte
10%
11 Rio Grande do Sul
10%
9 Ceará
5%
3 Distrito Federal
5%
7 Goiás
5%
7 Maranhão
5%
2 Mato Grosso do Sul
5%
21 Minas Gerais
5%
4 Paraíba
5%
11 Paraná
5%
9 Pernambuco
5%
1 Rondônia
5%
3 Alagoas
0%
1 Amapá
0%
4 Espírito Santo
0%
21 Minas Gerais
0%
3 Piauí
0%
1 Roraima
0%
7 Santa Catarina
0%
2 Sergipe
0%
1 Tocantins
0%
Keine übereinstimmenden Quizze gefunden
Verteilung der Resultate
Anzahl Personen mit jedem Resultat
Perzentil nach korrekt beantworteten Fragen
Ihre Resultats-Entwicklung
Sie haben dieses Quiz noch nicht gespielt